| 000 | 01730cam a22004457a 4500 | ||
|---|---|---|---|
| 003 | CHAP | ||
| 005 | 20220817043438.0 | ||
| 008 | 980518d1991 mx r 00110 spa d | ||
| 010 | _a75539 | ||
| 011 | _a76511 | ||
| 020 | _a9688407496 | ||
| 035 | _a86096 | ||
| 040 | _cCHAP | ||
| 082 | 0 | 4 |
_a332.64 _bE4 |
| 100 | 0 | 0 |
_aEjea, Guillermo. _935835 |
| 245 | 1 | 0 |
_aMercado de valores, crisis y nuevos circuitos financieros en México, 1970-1990 _c/por Guillermo Ejea (y otros] |
| 260 |
_aMéxico, D. F. : _bUniversidad Autónoma Metropolitana. Unidad Azcapotzalco. División de Ciencias Sociales y Humanidades, _c1991. |
||
| 300 |
_a200 p. : _bgráfs. ; cuadros |
||
| 410 |
_aUAM. Unidad Azcapotzalco. _bDivisión de Ciencias Sociales y Humanidades |
||
| 490 | 0 | _aSerie economía | |
| 500 | _aEnc. con otros impresos similares | ||
| 590 |
_aBATCH-UPD _b10 _c20130110 _lUCH01 _h0634 |
||
| 590 |
_aBATCH-UPD _b10 _c20130110 _lUCH01 _h2356 |
||
| 590 |
_aBATCH-UPD _b10 _c20130410 _lUCH01 _h0318 |
||
| 590 |
_aBATCH-UPD _b10 _c20130914 _lUCH01 _h0655 |
||
| 590 |
_aCONVERSION _b10 _c20130109 _lUCH01 _h1341 |
||
| 650 | 1 | 4 |
_aBolsa de valores _xMéxico. _913597 |
| 650 | 1 | 4 |
_aCrisis económica. _928975 |
| 650 | 1 | 4 |
_aFinanzas _xMéxico. _940943 |
| 650 | 1 | 4 |
_aMéxico _xCondiciones económicas. |
| 700 | 0 |
_aGarrido Noguera, Celso. _946955 |
|
| 700 | 0 |
_aLeriche, Cristian. _966291 |
|
| 810 |
_aUAM. Unidad Azcapotzalco. _bDivisión de Ciencias Sociales y Humanidades _9115979 |
||
| 830 | 0 |
_aSerie economía _9104835 |
|
| 901 | _aBK | ||
| 905 | _aLilia Sánchez G. | ||
| 942 | _cLIBRO | ||
| 949 |
_a332.64 E4 _bBC _cLIBRO _d33724000596136 _eLIBRO _h93199 _i86096 _sb |
||
| 949 |
_a332.64 E4 _bBC _cLIBRO _d33724000596144 _eLIBRO _fc.2 _h93200 _i86096 _sb |
||
| 999 |
_c75539 _d75539 |
||